| 000 | 00555nam a22002177a 4500 | ||
|---|---|---|---|
| 003 | OSt | ||
| 005 | 20140310182935.0 | ||
| 008 | 130201t xxu||||| |||| 00| 0 eng d | ||
| 020 | _a9716420129 | ||
| 050 |
_aDS33 _b.Za21 1994 |
||
| 082 |
_aFIL950 _bZa1 1994 |
||
| 245 |
_aHistory of Asian nations _cZaide, Sonia |
||
| 250 | _a5th ed. and 7th ed. | ||
| 260 |
_aManila _bAll-Nations _cc1994 |
||
| 300 |
_a236 p. : ill. _c26 cm. |
||
| 521 | _acollege students | ||
| 526 | _c1210L-1700L | ||
| 541 | _j1 | ||
| 562 | _e1 | ||
| 942 |
_2lcc _cBK _kFIL |
||
| 999 |
_c17592 _d17592 |
||